[Event "Alushta2"]
[Site "Alushta"]
[Date "1994.??.??"]
[Round "2"]
[White "Malaniuk, Vladimir P"]
[Black "Golubev, Mihail"]
[Result "1/2-1/2"]
[WhiteElo "2595"]
[BlackElo "2560"]
[PlyCount "180"]
[EventDate "1994.02.??"]
[Source "ChessBase"]

1. d4 Nf6 2. c4 g6 3. Nc3 Bg7 4. g3 O-O 5. Bg2 d6 6. e3 Nbd7 7. Nge2 e5 8. O-O Re8 9. b3 c6 10. Ba3 exd4 11. Nxd4 Nc5 12. Qc2 Qe7 13. Rfe1 h5 14. h3 Nce4 15. Nxe4 Nxe4 16. Rad1 Qe5 17. Qxe4 Qxe4 18. Bxe4 Rxe4 19. Kh2 Bxd4 20. Rxd4 d5 21. cxd5 cxd5 22. Rxd5 Re8 23. e4 Be6 24. Rd2 Rad8 25. Red1 Rxd2 26. Rxd2 f6 27. f3 Rc8 28. g4 hxg4 29. hxg4 Kf7 30. Kg3 g5 31. Bb2 Re8 32. Bd4 a6 33. Bb6 Rc8 34. Bd8 Rc1 35. Rd6 Rc8 36. Ba5 Rc2 37. Rb6 Rxa2 38. Rxb7+ Kg6 39. Bb4 Bxb3 40. Bf8 Bf7 41. Rb6 Bc4 42. e5 Bf1 43. Rxf6+ Kh7 44. f4 gxf4+ 45. Rxf4 Bb5 46. Bd6 Ra4 47. Rf7+ Kg6 48. Rf6+ Kg5 49. Rf5+ Kg6 50. e6 Be2 51. Re5 Bxg4 52. e7 Bd7 53. e8=Q+ Bxe8 54. Rxe8 Kf5 55. Kf3 Rd4 56. Bc5 Rd3+ 57. Be3 a5 58. Rh8 Rd5 59. Rh4 a4 60. Rxa4 Re5 61. Rh4 Ke6 62. Bd4 Re1 63. Rh5 Kd6 64. Be3 Rd1 65. Ke4 Ke6 66. Rh6+ Kd7 67. Bd4 Re1+ 68. Kd5 Rd1 69. Rh7+ Kd8 70. Ke5 Kc8 71. Bc5 Rd7 72. Rh6 Rd1 73. Bd6 Kd7 74. Rh7+ Kc6 75. Rc7+ Kb5 76. Ke6 Rd3 77. Rc5+ Kb4 78. Rc1+ Kb5 79. Ke5 Rh3 80. Bc5 Rh5+ 81. Kd4 Rh4+ 82. Kd3 Rh3+ 83. Be3 Rh5 84. Rc8 Rd5+ 85. Ke4 Rh5 86. Bd4 Rh4+ 87. Kd5 Rh5+ 88. Be5 Rg5 89. Rb8+ Ka5 90. Rb1 Rh5 1/2-1/2